000 00648nam a2200205Ia 4500
999 _c40128
_d40128
001 6734
003 GE_BSU
005 20191226161808.0
008 181216s1931||||ge |||||||||||||| ||geo||
040 _cGE_BSU
041 _ageo
080 _a821.353.1-1 გ-45
100 _aგვეტაძე, რაჟდენ.
_95973
245 _aმარულა :
_bლექსები /
_cრაჟდენ გვეტაძე.
264 _aთბილისი :
_bქართული წიგნი,
_c1931.
300 _a62 გვ. ;
_c13 სმ.
653 _aლექსები
653 _aმარულა
942 _cBK
_2udc